000 00688nam a22001937a 4500
008 100804s2005 ii|||||r|||| 001 0 eng d
020 _a810259018450
082 _a332.46
_bVAI
100 _917058
_aVaish, M C
245 _aMonetary Theory/
_cM. C. Vaish
250 _a16th ed.
_bfully revised
260 _aNew Delhi:
_bVikas Publishing House,
_c2005
300 _axii, 665 p:
_bill.;
_c25 cm.
490 _917059
500 _aIncludes index
650 _95608
_aMonetary policy.
942 _2ddc
_cBB
999 _c14607
_d14607